000 00692nam a2200253Ia 4500
003 OSt
005 20221006142914.0
006 a|||||r|||| 00| 0
007 ta
008 221006b |||||||| |||| 00| 0 eng d
020 _cY5920
024 _a7,493
037 _cTextual
040 _aEASL
_cEASL
_beng
041 _2eng
_aeng
082 _aV42:1948(zB).N18, L2
100 _aMORLEY James William
_9648703
245 0 _aJapanese thrust into Siberia, 1918
260 _aNew York
_bColumbia University Press
_c1972
300 _a395p.
_ccm.
490 _v JEL
942 _hV42:1948(zB).N18, L2
_cTEXL
_2CC
999 _c1075579
_d1075579